Jazyk a identita v európskom kontexte

Bibliographic Details
Main Author: Hrivíková, Tatiana (Author)
Format: Book
Language:Slovak
PhysicalDescription:130 s. tab., grafy 20 cm
Published: Bratislava Ekonóm 2010
ISBN:9788022529976
Edition:1. vyd.
Subjects:

MARC

LEADER 00000cam a2200000 a 4500
001 vtls010210342
003 SK-MaSNL
005 20260301131712.0
008 240315s2010 xo bl f 000 0 slo
015 |a SNBA2011/04-02197 
020 |a 9788022529976  |q (brož.) 
035 |a 0443FCEF-89AB-40C2-8D1F-E4298F904F76 
035 |a urn:nbn:sk:snk-amjgwo 
035 |a urn:nbn:sk:snk-am001rz8 
040 |a SNK  |b slo  |c SNK  |e AACR2 
041 0 |a slo 
043 |a slo 
044 |a xo  |c SK 
072 7 |a 81  |x Lingvistika. Jazyky  |2 konspekt 
080 |a 81:316.7  |2 2001 
080 |a 81`27  |2 2001 
080 |a (048.8)  |2 2001 
080 |a (4)  |2 2001 
080 |a 316.347  |2 2001 
080 |a [339.923+327](4)  |2 2001 
100 1 |a Hrivíková, Tatiana  |4 aut  |9 41780 
245 1 0 |a Jazyk a identita v európskom kontexte  |c Tatiana Hrivíková 
250 |a 1. vyd. 
260 |a Bratislava  |b Ekonóm  |c 2010 
300 |a 130 s.  |b tab., grafy  |c 20 cm 
366 |e 120 výt. 
504 |a Bibliogr. s. 117-123 
610 2 7 |a Európska únia  |2 SNKPH  |9 29861 
650 0 7 |a jazyk a spoločnosť  |2 SNKPH  |9 1394 
650 0 7 |a jazyková komunikácia  |2 SNKPH  |9 990 
650 0 7 |a Language and society  |2 SNKPHeng  |9 303468 
650 0 7 |a európska integrácia  |2 SNKPH  |9 2140 
650 0 7 |a národná identita  |2 SNKPH  |9 1665 
650 0 7 |a Verbal communication  |2 SNKPHeng  |9 312725 
650 0 7 |a Euiropean integration  |2 SNKPHeng  |9 481358 
650 0 7 |a National identity  |2 SNKPHeng  |9 282676 
655 7 |a monografie  |2 SNKPH  |9 70139 
655 7 |a Monographs  |2 SNKPHeng  |9 120675 
710 2 |a Ekonomická univerzita v Bratislave.  |b Ústav jazykov  |4 pbl  |9 123935 
852 |a Štátna vedecká knižnica v Banskej Bystrici 
919 |a 978-80-225-2997-6 
958 |a OND 
958 |a NB 
968 |d 81 
999 |c 748849  |d 750779 
952 |a SNK  |b SNK  |y PREZ  |7 0  |p 17A0686371  |o snkSC 144049  |i snk2011/3446  |8 0  |0 0  |1 0  |4 0  |d 2011-02-16  |l 0  |r 2025-07-11 00:00:00  |w 2026-02-23 
952 |a SNK  |b SNK  |y VYP  |7 0  |p 17A0686370  |o snkSC 144049 D1  |i snk2011/3447  |8 0  |0 0  |1 0  |4 0  |d 2011-02-16  |f 1  |l 0  |r 2026-02-23 23:24:04  |w 2026-02-23